| 000 | 00584nam a2200181Ia 4500 | ||
|---|---|---|---|
| 999 |
_c32623 _d32623 |
||
| 003 | OSt | ||
| 005 | 20201013095552.0 | ||
| 008 | 190216s9999||||xx |||||||||||||| ||und|| | ||
| 020 | _a9788172238216 | ||
| 040 | _coclc | ||
| 082 |
_a796.358092 _bSAN/I |
||
| 100 |
_aSanthanam, Vijay _95624 |
||
| 245 | 0 |
_aIf Cricket Is a Religion, Sachin Is God / _cVijay Santhanam ; Shyam Balasubramanian |
|
| 260 |
_bHarper Collins Publishers, _c2010. _aNew Delhi: |
||
| 300 | _a200p | ||
| 650 | _aPhysical Education | ||
| 942 |
_cBK _2ddc _h796.358092 _iSAN/I _k796.358092 _mSAN/I |
||